| 000 | 00524nam a2200193Ia 4500 | ||
|---|---|---|---|
| 005 | 20260429112141.0 | ||
| 008 | 260429s9999||||xx |||||||||||||| ||und|| | ||
| 020 | _a9781032226507 | ||
| 041 | _aEnglish | ||
| 082 |
_a781.59 _bRED |
||
| 100 | _aRedhead, Tracy | ||
| 245 | 0 |
_aInteractive technologies and music making : _btransmutable music / _cTracy Redhead |
|
| 250 | _a1st ed. | ||
| 260 |
_aLondon : _bRoutledge, _c2025. |
||
| 300 | _axviii, 260 p.; pbk | ||
| 650 | _a Technologies | ||
| 650 | _aMusic | ||
| 942 | _cTB | ||
| 999 |
_c52609 _d52609 |
||